Guess The American Brands! #3 - Statistics

General Stats
  • This quiz has been taken 56 times
  • The average score is 16 of 20
Answer Stats
Picture Answer % Correct
ABC
96%
Harley Davidson
96%
Instagram
95%
FOX
93%
Hard Rock
93%
Best Buy
89%
Atari
87%
Blockbuster
87%
Gillette
87%
NBC
85%
CNN
84%
Dolby
80%
Pixar
80%
Rockstar
76%
CBS
73%
Steam
62%
American Eagle
51%
Reebok
47%
Expedia
45%
Cisco
44%
No matching quizzes found
Score Distribution
Percent of People with Each Score
Percentile by Number Answered
Your Score History
You have not taken this quiz